Memorias de una mujer libre / (Record no. 192078)

MARC details
000 -LEADER
campo de control de longitud fija 00879nam a2200265 i 4500
001 - NÚMERO DE CONTROL
campo de control 192078
003 - IDENTIFICADOR DE NÚMERO DE CONTROL
campo de control ES-MaACL
005 - FECHA Y HORA DE LA ÚLTIMA TRANSACCIÓN
campo de control 20240130194050.0
008 - DATOS DE LONGITUD FIJA--INFORMACIÓN GENERAL
campo de control de longitud fija 221103s2022 sp 000 0aspa
017 ## - NÚMERO DE COPYRIGHT O DE DEPÓSITO LEGAL
Número de copyright o de depósito legal M 6355-2022
Agencia que asigna Oficina Depósito Legal Madrid
020 ## - NÚMERO INTERNACIONAL ESTÁNDAR DEL LIBRO
Número Internacional Estándar del Libro 978-84-1384-335-3
040 ## - FUENTE DE CATALOGACIÓN
Centro/agencia transcriptor ES-MaACL
080 ## - NÚMERO DE LA CLASIFICACIÓN DECIMAL UNIVERSAL
Número de la Clasificación Decimal Universal 929 Amat, Núria
100 1# - ENTRADA PRINCIPAL--NOMBRE DE PERSONA
Nombre de persona Amat, Núria.
9 (RLIN) 21132
Término indicativo de función/relación Autor
245 10 - MENCIÓN DEL TÍTULO
Título Memorias de una mujer libre /
Mención de responsabilidad, etc. Núria Amat.
250 ## - MENCION DE EDICION
Mención de edición 1ª edición.
260 ## - PUBLICACIÓN, DISTRIBUCIÓN, ETC.
Lugar de publicación, distribución, etc. Madrid :
Nombre del editor, distribuidor, etc. La Esfera de los Libros,
Fecha de publicación, distribución, etc. 2022.
300 ## - DESCRIPCIÓN FÍSICA
Extensión 438 páginas ;
Dimensiones 24 cm.
600 14 - PUNTO DE ACCESO ADICIONAL DE MATERIA--NOMBRE DE PERSONA
Nombre de persona Amat, Núria.
9 (RLIN) 21132
655 #7 - TERMINO DE INDIZACIÓN--GENERO/FORMA
9 (RLIN) 226823
Datos o término principal de género/forma Autobiografías
852 4# - LOCALIZACIÓN
Ubicación ES-MaACL
Número de control de estantería N-8040
itemnumber 199360
Anotaciones manuscritas Dedicatoria autógrafa de la autora
Ubicación en estantería Depósito J
Sublocalización o colección R. 153358
Donativo/Legado Donación: Núria Amat
903 ## - NOMBRE PERSONAL DE DONANTE
9 21132
a Amat, Núria
e Donante
942 ## - ELEMENTOS DE ENTRADA SECUNDARIOS (KOHA)
Tipo de ítem Koha Libro impreso
Suprimir en OPAC No
Holdings
Estatus retirado Estado de pérdida Fuente del sistema de clasificación o colocación Estado de daño No para préstamo Colección Biblioteca de origen Biblioteca actual Ubicación en estantería Fecha de adquisición Fuente de adquisición Total de préstamos Signatura topográfica completa Código de barras Visto por última vez Tipo de ítem Koha Nota pública
    Clasificación decimal universal     Libros con dedicatorias Biblioteca del Ateneo de Madrid Biblioteca del Ateneo de Madrid Depósito J 03/11/2022 Donación   N-8040 101206482 23/02/2023 Libro impreso Dedicatoria autógrafa de la autora